000
00320nam a2200145Ia 4500
100
_a
Panneerseluam
942
_c
BK
654
_a
Operation
245
_a
Production & Operation Management
260
_b
Prentice Hall
_a
NewDelhi
_c
1999
082
_a
658.562
_b
PAN
300
_a
455
546
_a
ENGLISH
999
_c
20844
_d
20844